000 00631nam a2200205Ia 4500
003 OSt
005 20240807142710.0
008 210210b1956 xxu||||| |||| 00| 0 eng d
040 _cAL
041 _aKannada
082 _a858/158
100 _aRAMASVAMI AYYANGARA (Go)
_dರಾಮಸ್ವಾಮಿ ಅಯ್ಯಂಗಾರ (ಗೊ)
_9175512
245 _aBharata bhagyavidata
_bಭಾರತ ಭಾಗ್ಯವಿದಾತ
260 _aBengaLUru
_bSatyashodhana Prakatana Mandira
_c1956
650 _aBhArata
_9175513
650 _abhAgyavidAta
_9175514
690 _aBiography
_9175515
906 _a020701
942 _2ddc
_cBK
999 _c144855
_d144855